Felületi izocianát komplexek képződésének és reakcióinak vizsgálata Al2O3 hordozóra felvitt Pt-, Pd- és Rh katalizátorokon

Elmentve itt :
Bibliográfiai részletek
Szerző: Sárkány János Lőrinc
További közreműködők: Solymosi Frigyes (Témavezető)
Dokumentumtípus: Disszertáció
Megjelent: 1977
Kulcsszavak:Fizika
Tárgyszavak:
Online Access:http://doktori.ek.szte.hu/7874
LEADER 00784nta a2200205 i 4500
001 dokt7874
005 20221011125046.0
008 221011s1977 hu om 0|| hun d
040 |a SZTE Doktori Repozitórium  |b hun 
041 |a hun 
100 1 |a Sárkány János Lőrinc 
245 1 0 |a Felületi izocianát komplexek képződésének és reakcióinak vizsgálata Al2O3 hordozóra felvitt Pt-, Pd- és Rh katalizátorokon  |h [elektronikus dokumentum] /  |c  Sárkány János Lőrinc 
260 |c 1977 
502 |a Disszertacio 
650 4 |a kémiai tudományok 
650 4 |a Természettudományok 
650 4 |a Kémiai tudományok 
695 |a Fizika 
700 1 |a Solymosi Frigyes  |e ths 
856 4 0 |u https://doktori.bibl.u-szeged.hu/id/eprint/7874/1/1977_sarkany_janos_lorinc.pdf  |z Dokumentum-elérés